000 00836nas a2200265 4500
001 BR8304291
003 BR-BrBNA
005 20231205085647.0
007 ta
008 230509b bl.|||p| |||| 00| 00por d
040 _aBR-BrBNA
_bpor
_cBiblioteca Nacional de Agricultura
041 _a(Pt)
072 _aM30
100 1 _aLopes, U.B.
100 1 _aSantos, U. de M.
100 1 _aRibeiro, M. de N.G.
245 1 _aLimnologia quimica do Lago do Arroz (Ilha do Careiro), suas flutuacoes em funcao do meio hidrico do rio Amazonas [Brasil]
_bParte de tese
650 _aANALISE QUIMICA
650 _aLAGO
650 _aLIMNOLOGIA
650 _aRIO AMAZONAS
773 0 _tActa Amazonica (Brazil)
_xISSN 0044-5967
_g(Apr 1983), v. 13(2) p. 227-253
_wBR8304291
909 _a202311
_bLúcia
_c55
_dLúcia Elande
942 _2AGRIS
_n0
_cANA
999 _c112866
_d112866